000 00244nam a22000857a 4500
008 160704b xxu||||| |||| 00| 0 eng d
100 _92048
_a Ali, M, N
245 _aInventions that Changed the World
260 _aNew Delhi
_bNational Book Trust
_c1972
999 _c1748
_d1748